Statistics for Countries and dependent territories - hard

Click here to take the quiz!

General Stats

  • This quiz has been taken 4,439 times
    (4,415 since last reset)
  • The average score is 163 of 268

Answer Stats

Answer% Correct
Australia
77%
New Zealand
75%
United States of America
75%
Canada
74%
United Kingdom
74%
Fiji
73%
Samoa
73%
Federated States of Micronesia
72%
France
72%
Greenland
72%
Marshall Islands
72%
Mexico
72%
Guam
71%
Nauru
71%
Palau
71%
Papua New Guinea
71%
Russia
71%
Solomon Islands
71%
Tonga
71%
Tuvalu
71%
Denmark
70%
Kiribati
70%
Spain
70%
Sweden
70%
Vanuatu
70%
Andorra
69%
Finland
69%
Germany
69%
Ireland
69%
Norway
69%
Portugal
69%
Albania
68%
Argentina
68%
Austria
68%
Belgium
68%
Bermuda
68%
Brazil
68%
Cyprus
68%
Estonia
68%
French Polynesia
68%
Greece
68%
Iceland
68%
Italy
68%
Latvia
68%
Luxembourg
68%
Monaco
68%
Netherlands
68%
San Marino
68%
Slovakia
68%
Slovenia
68%
American Samoa
67%
Armenia
67%
Azerbaijan
67%
Belarus
67%
Bulgaria
67%
Chile
67%
China
67%
Croatia
67%
Dominica
67%
Guyana
67%
Kosovo
67%
Lithuania
67%
Malta
67%
Ukraine
67%
Vatican
67%
Algeria
66%
Aruba
66%
Bahamas
66%
Belize
66%
Bolivia
66%
Colombia
66%
Cuba
66%
Czech Republic
66%
Ecuador
66%
Egypt
66%
Falkland islands
66%
Guatemala
66%
Hungary
66%
India
66%
Indonesia
66%
Liechtenstein
66%
Paraguay
66%
Poland
66%
Romania
66%
Serbia
66%
Suriname
66%
Switzerland
66%
Turkey
66%
Afghanistan
65%
Dominican Republic
65%
Georgia
65%
Haiti
65%
Honduras
65%
Iran
65%
Iraq
65%
Israel
65%
Japan
65%
Moldova
65%
Montenegro
65%
Morocco
65%
Niue
65%
Peru
65%
Saint Lucia
65%
Taiwan
65%
Uruguay
65%
U. S. Virgin Islands
65%
Venezuela
65%
Angola
64%
Bahrain
64%
Brunei
64%
Cook Islands
64%
Costa Rica
64%
El Salvador
64%
Gibraltar
64%
Guinea
64%
Libya
64%
Macedonia
64%
Malaysia
64%
Nicaragua
64%
Niger
64%
North Korea
64%
Oman
64%
Pakistan
64%
Panama
64%
South Africa
64%
South Korea
64%
Timor-Leste
64%
Yemen
64%
Bailiwick of Jersey
63%
Barbados
63%
Benin
63%
Bhutan
63%
Bosnia and Herzegovina
63%
Burundi
63%
Cabo Verde
63%
Central African Republic
63%
Chad
63%
Comoros
63%
Djibouti
63%
Eritrea
63%
Grenada
63%
Guinea-Bissau
63%
Jamaica
63%
Laos
63%
Lesotho
63%
Maldives
63%
Mali
63%
New Caledonia
63%
Nigeria
63%
Puerto Rico
63%
Qatar
63%
Saudi Arabia
63%
Seychelles
63%
Singapore
63%
Somalia
63%
South Sudan
63%
Sudan
63%
Togo
63%
Tunisia
63%
Turkmenistan
63%
Vietnam
63%
Zambia
63%
Zimbabwe
63%
Antigua and Barbuda
62%
Cambodia
62%
Equatorial Guinea
62%
Ethiopia
62%
Faroe Islands
62%
Ghana
62%
Jordan
62%
Kazakhstan
62%
Kenya
62%
Kuwait
62%
Liberia
62%
Mauritania
62%
Mauritius
62%
Myanmar
62%
Namibia
62%
Nepal
62%
Rwanda
62%
Senegal
62%
Syria
62%
Tajikistan
62%
Tanzania
62%
The Gambia
62%
Trinidad and Tobago
62%
Uganda
62%
United Arab Emirates
62%
Uzbekistan
62%
Botswana
61%
Christmas Island
61%
Curaçao
61%
Democratic Republic of Congo
61%
Isle of Man
61%
Lebanon
61%
Madagascar
61%
Mongolia
61%
Mozambique
61%
Sri Lanka
61%
Thailand
61%
Bailiwick of Guernsey
60%
Bangladesh
60%
British Virgin Islands
60%
Cameroon
60%
Cote D'Ivoire
60%
Kyrgyzstan
60%
Malawi
60%
Sierra Leone
60%
Swaziland
60%
Burkina Faso
59%
French Guiana
59%
Gabon
59%
Philippines
59%
Saint Kitts and Nevis
59%
Cayman Islands
58%
Northern Mariana Islands
58%
Sao Tome and Principe
58%
Martinique
57%
Reunion
57%
Anguilla
56%
Palestine
56%
Saint Vincent and the Grenadines
56%
Hong Kong
55%
Turks and Caicos
55%
Guadeloupe
54%
Pitcairn Islands
53%
Saint Martin
53%
Tokelau
53%
Macau
52%
Bonaire
51%
Easter Island
51%
Mayotte
51%
Montserrat
51%
Wallis and Futuna
51%
Western Sahara
51%
Åland
50%
Republic of Congo
50%
Svalbard
50%
Cocos Islands
48%
Abkhazia
47%
Canary islands
47%
Saint Helena
47%
Saint Pierre and Miquelon
46%
South Ossetia
46%
Azores
45%
Northern Cyprus
45%
Sint Maarten
45%
Somaliland
44%
Transnistria
43%
Norfolk Islands
42%
British Indian Ocean Territory
39%
Ceuta
39%
Saint Barthelemy
39%
Akrotiri
38%
Ascension
38%
Madeira
38%
Saba
38%
Melilla
37%
Tristan da Cunha
37%
Artsakh
34%
Dhekelia
33%
Sint Eustatius
32%
Wake Island
30%
Coral Sea Islands
27%
South Georgia and South Sandwich islands
27%
Palmyra Atoll
25%
Puntland
21%
Archipelago of San Andres, Providencia and Santa Catalina
15%

Score Distribution

Percentile by Number Answered

Percent of People with Each Score

Your Score History

You have not taken this quiz since the last reset